Esperanza Rising.
محفوظ في:
| المؤلف الرئيسي: | |
|---|---|
| التنسيق: | كتاب |
| منشور في: |
New York, USA:
Scholastic Inc.,
2007.
|
| الموضوعات: | |
| الوسوم: |
إضافة وسم
لا توجد وسوم, كن أول من يضع وسما على هذه التسجيلة!
|
MARC
| LEADER | 00000nam a22000007a 4500 | ||
|---|---|---|---|
| 003 | CL-VaPUC | ||
| 005 | 20240111160310.0 | ||
| 008 | 231219t2007 ||||| |||| 00| 0 eng d | ||
| 999 | |c 442764 |d 442762 | ||
| 020 | |a 978-0-439-12042-5 | ||
| 040 | |c Pontificia Universidad Católica de Valparaíso | ||
| 082 | 0 | 4 | |2 21 |a 813.54 MUÑ 2007 |
| 100 | 1 | |a Muñoz Ryan, Pam |e autora |9 886688 | |
| 245 | 1 | |a Esperanza Rising. | |
| 260 | |a New York, USA: |b Scholastic Inc., |c 2007. | ||
| 300 | |a 262 páginas. | ||
| 500 | |a c.1. Donación Literatura. Memo 1-12-2023. | ||
| 583 | |c 20231219 |k Catalogador Asistente | ||
| 650 | 1 | |a Literatura estadounidense |x Ficción juvenil |9 886768 | |
| 650 | 1 | |a Novelas estadounidenses |x Inmigración |9 886788 | |
| 650 | 1 | |a Literatura estadounidense |x Madres e hijas |9 880920 | |
| 942 | |2 ddc |c BK | ||
| 952 | |0 0 |1 0 |2 ddc |4 0 |6 813_540000000000000_MUÑ_2007 |7 0 |8 A |9 592946 |a BIBEDU |b BIBEDU |c GEN |d 2023-12-19 |e Donación |i 5659892 |o 813.54 MUÑ 2007 |p 5659892 |r 2024-03-18 |t 1 |w 2023-12-19 |y BK |k LIT | ||